Convenio de transferencia de servicios educativos naciónales a la provincia de bs. as. /

Guardado en:
Formato: Libro
Publicado: La Plata : , 1993
Materias:
Fc
Etiquetas: Agregar Etiqueta
Sin Etiquetas, Sea el primero en etiquetar este registro!
LEADER 00530nam a22001815a 4500
001 CEM.cems007946
005 20060214000000.0
008 130507s1993##################000#0#####d
003 CEMS
082 0 4 |a DEPOSITO 
245 0 0 |a Convenio de transferencia de servicios educativos naciónales a la provincia de bs. as. / 
260 |a La Plata :  |b ,  |c 1993 
300 |a 16 p. 
653 |a Educacion 
653 |a Fc 
653 |a Transferencia educativa 
653 |a Deposito 
859 |a CEMS  |b BIB. CEMS - 11 de abril  |h DEPOSITO  |i F370/36  |p 382.44  |t Ej.1